Industrial Man

Uloženo v:
Podrobná bibliografie
Hlavní autor: Burns, Tom
Médium: Kniha
Jazyk:Undetermined
Vydáno: Harmondsworth Penguin 1969
Témata:
Tagy: Přidat tag
Žádné tagy, Buďte první, kdo otaguje tento záznam!
Thư viện lưu trữ: Trung tâm Học liệu Trường Đại học Cần Thơ
LEADER 00466nam a2200181Ia 4500
001 CTU_78083
008 210402s9999 xx 000 0 und d
082 |a 301.55 
082 |b B967 
100 |a Burns, Tom 
245 0 |a Industrial Man 
245 0 |c Tom Burns 
260 |a Harmondsworth 
260 |b Penguin 
260 |c 1969 
650 |a Industrial sociology,Industries 
650 |x Social aspects 
980 |a Trung tâm Học liệu Trường Đại học Cần Thơ